[Event "TUR-ch U13/18 Girls"]
[Site "Antalya"]
[Date "2023.01.24"]
[Round "5"]
[White "Tanir, Simay"]
[Black "Haktanirlar, Zeren"]
[Result "1-0"]
[WhiteElo "1563"]
[BlackElo "1297"]
[PlyCount "59"]
[EventDate "2023.01.17"]
[EventType "swiss"]
[EventRounds "9"]
[EventCountry "TUR"]
[SourceTitle "EXT 2024"]
[Source "ChessBase"]
[SourceDate "2023.10.10"]
[SourceVersion "1"]
[SourceVersionDate "2023.10.10"]
[SourceQuality "1"]

1. d4 d5 2. c4 c6 3. cxd5 cxd5 4. Nc3 Nf6 5. Bf4 Nc6 6. e3 a6 7. Bd3 Bg4 8. Nge2 e6 9. 0-0 Bd6 10. Bxd6 Qxd6 11. Rc1 0-0 12. f3 Bh5 13. Nf4 Bg6 14. Nxg6 hxg6 15. f4 Ne7 16. g4 Nd7 17. e4 Qb4 18. Ne2 Nc6 19. exd5 exd5 20. f5 g5 21. Bc2 Nf6 22. Qd3 Nxg4 23. f6 g6 24. h3 Nh6 25. Qe3 Rae8 26. Qxg5 Nf5 27. Bxf5 Rxe2 28. Bxg6 Qxd4+ 29. Kh1 Qe3 30. Bh7+ 1-0

[Event "TUR-chT Clubs"]
[Site "Konya"]
[Date "2019.07.21"]
[Round "9.10"]
[White "Haktanirlar, Zeren"]
[Black "Ozyigit, Isil"]
[Result "1/2-1/2"]
[WhiteElo "1294"]
[BlackElo "1092"]
[PlyCount "77"]
[EventDate "2019.07.16"]
[EventType "team-swiss"]
[EventRounds "9"]
[EventCountry "TUR"]
[SourceTitle "CBM 191 Extra"]
[Source "ChessBase"]
[SourceDate "2019.09.30"]
[SourceVersion "1"]
[SourceVersionDate "2019.09.30"]
[SourceQuality "1"]
[WhiteTeam "Goztepe Dernegi"]
[BlackTeam "Baglarbasi"]
[WhiteTeamCountry "TUR"]
[BlackTeamCountry "TUR"]

1. d4 Nf6 2. c4 b6 3. Nf3 Bb7 4. Nc3 d6 5. Bf4 g6 6. e3 Bg7 7. Bd3 Nbd7 8. 0-0 0-0 9. Bg3 Re8 10. d5 e5 11. e4 Nc5 12. b4 Nxd3 13. Qxd3 Qd7 14. b5 a6 15. a4 Nh5 16. Nd2 f5 17. f3 f4 18. Bf2 Nf6 19. Nb3 a5 20. Bh4 Qe7 21. Nd1 h6 22. Bxf6 Qxf6 23. Nf2 h5 24. Nc1 g5 25. Ne2 Qg6 26. h3 Bc8 27. Rfd1 Bd7 28. Kf1 Bf6 29. Ke1 Kh8 30. Kd2 Rg8 31. Rh1 h4 32. Ng4 Kg7 33. Nxf6 Qxf6 34. Nc3 Kf7 35. Ne2 Ke7 36. Nc3 Kf7 37. Nd1 Ke7 38. Nf2 Qg6 39. Ng4 1/2-1/2

[Event "TUR-chT2"]
[Site "Konya"]
[Date "2018.07.12"]
[Round "5.5"]
[White "Barutcu, Semra"]
[Black "Haktanirlar, Zeren"]
[Result "1/2-1/2"]
[WhiteElo "1427"]
[BlackElo "1175"]
[PlyCount "62"]
[EventDate "2018.07.10"]
[EventType "team-swiss"]
[EventRounds "9"]
[EventCountry "TUR"]
[SourceTitle "EXT 2019"]
[Source "ChessBase"]
[SourceDate "2018.10.10"]
[SourceVersion "1"]
[SourceVersionDate "2018.10.10"]
[SourceQuality "1"]
[WhiteTeam "Siirt Cedid"]
[BlackTeam "Mercan Egitim"]
[WhiteTeamCountry "TUR"]
[BlackTeamCountry "TUR"]

1. e4 d5 2. exd5 Nf6 3. d4 Bg4 4. Be2 Bxe2 5. Qxe2 Qxd5 6. Nf3 e6 7. 0-0 Nc6 8. Nc3 Nxd4 9. Nxd4 Qxd4 10. Qb5+ Qd7 11. Qxb7 Rd8 12. Qxa7 Bd6 13. g3 h5 14. Bg5 h4 15. Bxf6 hxg3 16. Bxd8 Qc6 17. Ne4 Qxe4 18. fxg3 Bxg3 19. h4 Qxc2 20. Rf3 Bd6 21. Kf1 Qc4+ 22. Kg2 Qg4+ 23. Kf2 Qc4 24. Ke1 Bb4+ 25. Kd1 Qd5+ 26. Ke2 Qc4+ 27. Kd1 Qd5+ 28. Ke2 Qc4+ 29. Kd1 Qd5+ 30. Ke2 Qc4+ 31. Kd1 Qd5+ 1/2-1/2